Cognitive Diversity as the Quality of Leadership in Crisis: Team Performance in Health Service During the COVID-19 Pandemic

Úroveň vodcovských schopností vedúcich tímov v zdravotníctve. Krízový manažment, tímový výkon, kognitívna rozmanitosť a rozhodovanie počas krízy. Výskum zameraný na vplyv kognitívnej rozmanitosti a kvality rozhodovania krízového vedenia na výkon lekárskych tímov v akútnej krízovej fáze - vypuknutie...

ver descrição completa

Na minha lista:
Detalhes bibliográficos
Autor principal: Joniaková, Zuzana, 1970-
Outros Autores: Jankelová, Nadežda, 1966-, Blštáková, Jana, 1980-, Némethová, Ildikó, 1974-
Formato: Capítulo de Livro
Idioma:inglês
Assuntos:
Tags: Adicionar Tag
Sem tags, seja o primeiro a adicionar uma tag!

MARC

LEADER 00000naa a2200000 4500
001 0273431
005 20260213131152.1
041 0 |a eng 
044 |a CH 
245 1 0 |a Cognitive Diversity as the Quality of Leadership in Crisis: Team Performance in Health Service During the COVID-19 Pandemic  |c Zuzana Joniaková, Nadežda Jankelová, Jana Blštáková, Ildikó Némethová 
520 |a Úroveň vodcovských schopností vedúcich tímov v zdravotníctve. Krízový manažment, tímový výkon, kognitívna rozmanitosť a rozhodovanie počas krízy. Výskum zameraný na vplyv kognitívnej rozmanitosti a kvality rozhodovania krízového vedenia na výkon lekárskych tímov v akútnej krízovej fáze - vypuknutie pandémie COVID-19 na Slovensku. 
610 2 0 |a koronavírus 
610 2 0 |a rozhodovanie 
610 2 0 |a efektívnosť 
610 2 0 |a zdravotníctvo 
610 2 0 |a zdravotníci 
610 2 0 |a výkonnosť 
610 2 0 |a výkony pracovné 
100 1 |a Joniaková, Zuzana, 1970- 
700 1 |a Jankelová, Nadežda, 1966- 
700 1 |a Blštáková, Jana, 1980- 
700 1 |a Némethová, Ildikó, 1974-